000 00758nam a2200289Ia 4500
005 20260324114227.0
008 008 260324s9999 xx 000 0 eng d
020 _a9781003295402
037 _aEBOOK
040 _aCRL
040 _beng
040 _cCRL
041 _2eng
041 _aeng
084 _qCRL
100 _aSravana Borkataky-Varma; Christian A. Eberhart; Marianne Bjelland Kartzow
_91149940
245 0 _aReligious Responses to Pandemics and Crises
245 0 _bIsolation, Survival, and #Covidchaos
260 _bTaylor and Francis
260 _c2023
365 _a
365 _b220
856 _uhttp://www.taylorfrancis.com/books/9781003295402
942 _cEBOOK
999 _c1739997
_d1739997